书目信息 |
| 题名: |
教育—财富蕴藏其中
|
|
| 作者: | ;联合国教科文组织总部中文科 译 | |
| 分册: | ||
| 出版信息: | 北京 教育科学出版社 2006 |
|
| 页数: | 263页 | |
| 开本: | 20cm | |
| 丛书名: | 联合国教科文组织教育丛书 | |
| 单 册: | ||
| 中图分类: | G40-011 | |
| 科图分类: | ||
| 主题词: | 教育 , 教育--作用--研究 | |
| 电子资源: | ||
| ISBN: | 7-5041-1665-3 | |
| 000 | 01117nam0 2200313 450 | |
| 000 | 01142nam0 2200313 450 | |
| 000 | 01072nam0 2200289 450 | |
| 000 | 01036oam2 2200277 45 | |
| 005 | 20070727153808.91 | |
| 010 | @a7-5041-1665-3@dCNY16.00 | |
| 100 | @a20070706d2006 em y0chiy0120 ea | |
| 101 | 0 | @achi |
| 102 | @aCN@b110000 | |
| 105 | @ay z 000yy | |
| 200 | 1 | @a教育—财富蕴藏其中@AJiao Yu— Cai Fu Yun Cang Qi Zhong@f联合国教科文组织总部中文科译@FLian He Guo Jiao Ke Wen Zu Zhi Zong Bu Zhong Wen Ke Yi |
| 210 | @a北京@c教育科学出版社@d2006 | |
| 215 | @a263页@d20cm | |
| 225 | 2 | @a联合国教科文组织教育丛书 |
| 300 | @a纪念联合国教科文组织成立五十周年 | |
| 300 | @a由联合国教科文组织总部授权出版 | |
| 300 | @a国际21世纪教育委员会向联合国教科文组织提交的报告 | |
| 410 | 0 | @12001 @a联合国教科文组织教育丛书 |
| 510 | 1 | @aLearning:The treasure within@zeng |
| 606 | 0 | @a教育 |
| 606 | 0 | @a教育@x作用@x研究 |
| 690 | @aG40-011@v4 | |
| 711 | 02 | @a联合国教科文组织总部中文科@ALian He Guo Jiao Ke Wen Zu Zhi Zong Bu Zhong Wen Ke@4译 |
| 801 | 0 | @aCN@bTAOJIN@c20070727 |
| 905 | @a10447@dG40-011@e435 | |
| 教育—财富蕴藏其中/联合国教科文组织总部中文科译.-北京:教育科学出版社,2006 |
| 263页;20cm.-(联合国教科文组织教育丛书) |
| 纪念联合国教科文组织成立五十周年.-由联合国教科文组织总部授权出版.-国际21世纪教育委员会向联合国教科文组织提交的报告 |
| ISBN 7-5041-1665-3:CNY16.00 |
| ● |
| 相关链接 |
|
|
|
|
正题名:教育—财富蕴藏其中
索取号:G40-011/435
 
预约/预借
| 序号 | 登录号 | 条形码 | 馆藏地/架位号 | 状态 | 备注 |
| 1 | 0821525 | 208215251 | 第一样本阅览室/ [索取号:G40-011/435] | 在馆 | |
| 2 | 0821526 | 208215260 | 第四借阅区/ [索取号:G40-011/435] | 在馆 | |
| 3 | 0821527 | 208215279 | 第四借阅区/ [索取号:G40-011/435] | 在馆 | |
| 4 | 0821528 | 208215288 | 第四借阅区/ [索取号:G40-011/435] | 在馆 | |
| 5 | 0821529 | 208215297 | 第四借阅区/ [索取号:G40-011/435] | 在馆 |